00739pam a2200229 a 450000100040000000500170000402000150002102000180003604000230005405000220007708200190009910000190011824500330013726000390017030000460020950500060025552001350026152100200039652100180041665000590043465000160049371420240217082228.0 a0516066722 a9780516466729 aDLCcDLCdDLCbeng00aG530.T6bK46 199300a910/.916342201 aKent, Deborah.14aThe Titanic /cDeborah Kent. aChicago :bChildrens Press,c1993. a31 pages :bcolor illustrations ;c25 cm. aU aDescribes the disastrous 1912 sinking of the world's largest ocean liner after colliding with an iceberg during its maiden voyage. a1020 bLexiles aU bRaz-Plus 0aShipwreckszNorth Atlantic OceanxJuvenile literature. 1aShipwrecks.